Les premiers habitants de l'Europe (Record no. 27975)

MARC details
000 -LEADER
campo de control de longitud fija 00661nam a2200193 i 4500
001 - NÚMERO DE CONTROL
campo de control 27975
003 - IDENTIFICADOR DE NÚMERO DE CONTROL
campo de control ES-MaACL
005 - FECHA Y HORA DE LA ÚLTIMA TRANSACCIÓN
campo de control 20230906153735.0
007 - CAMPO FIJO DE DESCRIPCIÓN FÍSICA--INFORMACIÓN GENERAL
campo de control de longitud fija t|
008 - DATOS DE LONGITUD FIJA--INFORMACIÓN GENERAL
campo de control de longitud fija 030116s1889 fr ||||1| fre d
080 ## - NÚMERO DE LA CLASIFICACIÓN DECIMAL UNIVERSAL
Número de la Clasificación Decimal Universal 936/938
100 1# - ENTRADA PRINCIPAL--NOMBRE DE PERSONA
Nombre de persona Arbois de Jubainville, H. d'.
9 (RLIN) 22404
245 14 - MENCIÓN DEL TÍTULO
Título Les premiers habitants de l'Europe
Resto del título : d'après les écrivains de l'antiquité et les travaux des linguistes /
Mención de responsabilidad, etc. par H. d'Arbois de Jubainville.
250 ## - MENCION DE EDICION
Mención de edición 2e éd.
260 ## - PUBLICACIÓN, DISTRIBUCIÓN, ETC.
Lugar de publicación, distribución, etc. [S.l. :
Nombre del editor, distribuidor, etc. s.n.,
Fecha de publicación, distribución, etc. 1889] (
Lugar de fabricación/manufactura Chalillon sur Seine :
Fabricante Ch. Puchat)
300 ## - DESCRIPCIÓN FÍSICA
Extensión 2 v. ;
Dimensiones 26 cm.
650 #4 - PUNTO DE ACCESO ADICIONAL DE MATERIA--TÉRMINO DE MATERIA
Término de materia o nombre geográfico como elemento de entrada Grupos étnicos-
Subdivisión geográfica Europa-
Subdivisión de forma Historia.
9 (RLIN) 144645
852 ## - LOCALIZACIÓN
Ubicación ES-MaACL
Número de control de estantería F-9643-44
Holdings
Estatus retirado Estado de pérdida Estado de daño No para préstamo Colección Biblioteca de origen Biblioteca actual Ubicación en estantería Fecha de adquisición Fuente de adquisición Total de préstamos Signatura topográfica completa Código de barras Visto por última vez Precio de reemplazo Tipo de ítem Koha
        Libros del s. XIX Biblioteca del Ateneo de Madrid Biblioteca del Ateneo de Madrid Sala Pecera Planta 2 17/01/2008     F-9643-44 1028883 23/02/2023 23/02/2023 Libro impreso antiguo